| 000 | 00668nam a2200229 i 4500 | ||
|---|---|---|---|
| 001 | 184171 | ||
| 003 | ES-MaACL | ||
| 005 | 20230906222102.0 | ||
| 008 | 150408s1968 sp |||| |dspa d | ||
| 080 | _a821.111(73) Salinger, J. D. 1.07 | ||
| 100 | 1 |
_aCoy, Juan José. _941405 |
|
| 245 | 1 | 0 |
_aJ. D. Salinger / _cJuan José Coy. |
| 250 | _a1ª ed. | ||
| 260 |
_aBarcelona : _bFontanella, _c1968. |
||
| 300 |
_a186 p. ; _c17 cm. |
||
| 490 | 1 |
_aTestigos del siglo XX ; _v20 |
|
| 504 | _aBibliografía: p. 169-186. | ||
| 600 | 1 | 4 |
_aSalinger, J. D. _9101958 |
| 830 | 0 |
_aTestigos del siglo XX ; _v20 _9192049 |
|
| 852 |
_aES-MaACL _jE-15541 |
||
| 999 |
_c184171 _d184171 |
||